अलका तू असं लिही (Record no. 415660)

MARC details
000 -LEADER
fixed length control field 00462nam a2200145Ia 4500
008 - FIXED-LENGTH DATA ELEMENTS--GENERAL INFORMATION
fixed length control field 100122s9999 xx 000 0 und d
082 ## - DEWEY DECIMAL CLASSIFICATION NUMBER
Item number 30883
Classification number 808.6
100 ## - MAIN ENTRY--PERSONAL NAME
Personal name दांडेकर मालती
245 ## - TITLE STATEMENT
Title अलका तू असं लिही
260 ## - PUBLICATION, DISTRIBUTION, ETC. (IMPRINT)
Name of publisher, distributor, etc वरदा बुक्स
Date of publication, distribution, etc 1979
300 ## - PHYSICAL DESCRIPTION
Extent 208
630 ## - SUBJECT ADDED ENTRY--UNIFORM TITLE
Uniform title अलका तू असं लिही
730 ## - ADDED ENTRY--UNIFORM TITLE
Uniform title अलका तू असं लिही
942 ## - ADDED ENTRY ELEMENTS (KOHA)
Koha item type Book
Holdings
Withdrawn status Lost status Damaged status Not for loan Home library Current library Date acquired Cost, normal purchase price Total Checkouts Full call number Barcode Date last seen Cost, replacement price Price effective from Koha item type Public note
        S.V. Pathak Library, Vile Parle S.V. Pathak Library, Vile Parle 03/26/1981 20.00   30883 SVPPARLE-30883 01/25/2010 20.00 01/25/2010 Book General NA